000 00322nam a2200121Ia 4500
008 220204s9999 xx 000 0 und d
082 _aNR:62:699.841
_bKEL
100 _aKelly, James M
245 0 _aEarthquake resistant design with rubber
260 _aBerlin
_bSpringer
_c1993
650 _aSeismic isolation
942 _cBK
999 _c40603
_d40603